|
|
|
|
| LEADER |
00000nab a2200000uu 4500 |
| 001 |
vtls011146139 |
| 003 |
SK-MaSNL |
| 005 |
20260303151101.0 |
| 008 |
230222|1998 xo |||||||||||||||||slo| |
| 015 |
|
|
|a SNBRB
|
| 035 |
|
|
|a (urnnbn)urn:nbn:sk:snk:ar-008kw1
|
| 035 |
|
|
|a (uuid)e9558eba-a2ee-4e75-97c5-ccf52420c279
|
| 035 |
|
|
|a urn:nbn:sk:snk-abawrw
|
| 040 |
|
|
|a SNKBUCL
|b slo
|c SNKBUCL
|e AACR2
|
| 041 |
0 |
|
|a slo
|
| 044 |
|
|
|a xo
|c SK
|
| 100 |
1 |
|
|a Holúbek, Peter,
|d 1966-
|4 aut
|9 191766
|
| 245 |
1 |
0 |
|a VÝSLEDKY SPELEOLOGICKÉHO PRIESKUMU JASKYNE POSCHODOVÝ POTOK
|c Peter Holúbek
|
| 773 |
0 |
|
|t Slovenský kras : sborník Múzea slovenského krasu v Lipt. Mikuláši
|g Roč. 36, č. 1 (1998), s. 179-184
|
| 954 |
|
|
|a odborná, vedecká literatúra pôvodná (slovenská)
|2 lita
|
| 958 |
|
|
|a OND
|
| 958 |
|
|
|a EUIPO
|
| 958 |
|
|
|a article14
|
| 999 |
|
|
|c 2015839
|d 2017769
|